| 000 | 00359nam a22001217a 4500 | ||
|---|---|---|---|
| 999 |
_c3199 _d3199 |
||
| 005 | 20201118143130.0 | ||
| 008 | 201118b ||||| |||| 00| 0 eng d | ||
| 020 | _a1841870382 | ||
| 040 | _cCML | ||
| 245 |
_aChildren Torture and Power. _cMan N. |
||
| 260 |
_aLondon _bSave the Children _c2000 |
||
| 942 |
_2ddc _cBK _e1st Edition _h320 _kMAN 320 _mMAN |
||